| 000 | 00475nam a2200181Ia 4500 | ||
|---|---|---|---|
| 003 | GCL | ||
| 008 | 140319s9999 xx 000 0 eng d | ||
| 040 |
_aGCL / _cGCL |
||
| 082 | 0 | 4 |
_a950 _bA C |
| 245 | 1 | 0 | _aTHE CHANGING FACE OF ASIA |
| 260 |
_a[S.N] : _bASSOCIATION FRANCES D'ACTION ARTS ، _c1992 |
||
| 300 |
_a26 CM ؛ _c91 P |
||
| 650 | 0 | 4 | _aASIA |
| 650 | 0 | 4 | _aASIA - HISTORY |
| 650 | 0 | 4 | _aASIA - SOCIAL CONDITION |
| 650 | 0 | 4 | _aASIA - ECONOMIC CONDITION |
| 942 |
_2ddc _cBK |
||
| 999 |
_c792 _d792 |
||